Combustion engine processes (Record no. 20638)

000 -LEADER
fixed length control field 00567nam a22002051 4500
001 - CONTROL NUMBER
control field 20638
003 - CONTROL NUMBER IDENTIFIER
control field BD-DhUET
008 - FIXED-LENGTH DATA ELEMENTS--GENERAL INFORMATION
fixed length control field 780509s1967 nyua b 001 0 eng
040 ## - CATALOGING SOURCE
Original cataloging agency DLC
Transcribing agency LDC
Modifying agency BD-DhUET
082 00 - DEWEY DECIMAL CLASSIFICATION NUMBER
Classification number 621.43
Item number LIC/1967
100 ## - MAIN ENTRY--PERSONAL NAME
Personal name Lichty, Lester C.
245 10 - TITLE STATEMENT
Title Combustion engine processes
250 ## - EDITION STATEMENT
Edition statement 1st ed.
260 ## - PUBLICATION, DISTRIBUTION, ETC. (IMPRINT)
Place of publication, distribution, etc. New York
Name of publisher, distributor, etc. McGraw-Hill
Date of publication, distribution, etc. 1967
300 ## - PHYSICAL DESCRIPTION
Extent ix, 654p.
Other physical details illus
Dimensions 23 cm.
490 0# - SERIES STATEMENT
Series statement McGraw-Hill series in mechanical engineering
504 ## - BIBLIOGRAPHY, ETC. NOTE
Bibliography, etc Includes bibliographies
650 #0 - SUBJECT ADDED ENTRY--TOPICAL TERM
Topical term or geographic name as entry element Internal combustion engines
942 ## - ADDED ENTRY ELEMENTS (KOHA)
Koha item type General Book
Holdings
Not for loan Lost status Shelving location Koha item type Location (home branch) Sublocation or collection (holding branch) Damaged status Date acquired Koha normalized classification for sorting Price effective from Withdrawn status Copy number Koha date last seen Source of classification or shelving scheme Koha full call number Piece designation (barcode)
  Circulation sectionGeneral BookCentral Library, BUETCentral Library, BUET 2015-04-12621_430000000000000_LIC_19672015-04-12 12017-04-26 621.43/LIC/196715520
  Circulation sectionGeneral BookCentral Library, BUETCentral Library, BUET 2015-04-13621_430000000000000_LIC_19672015-04-13 22015-04-13 621.43/LIC/196715521
  Circulation sectionGeneral BookCentral Library, BUETCentral Library, BUET 2015-04-13621_430000000000000_LIC_19672015-04-13 32015-04-13 621.43/LIC/196743564
  Circulation sectionGeneral BookCentral Library, BUETCentral Library, BUET 2015-04-13621_430000000000000_LIC_19672015-04-13 42015-04-13 621.43/LIC/196725971
  Circulation sectionGeneral BookCentral Library, BUETCentral Library, BUET 2015-04-13621_430000000000000_LIC_19672015-04-13 52015-04-13 621.43/LIC/196724519
  Circulation sectionGeneral BookCentral Library, BUETCentral Library, BUET 2015-04-13621_430000000000000_LIC_19672015-04-13 62015-04-13 621.43/LIC/196720396